Green Day Songs - Sudden Death - Statistics

General Stats
  • This quiz has been taken 462 times
  • The average score is 13 of 30
Answers on the Grid
Answers color-coded by a green-red scale on the quiz's grid according to % correct below.
1981
2000 Light Years Away
21 Guns
80
Adam's Song
Almost Easy
American Eulogy
Bab's Uvula Who?
Behind Blue Eyes
Bobby Sox
Brain Stew
Breed
Broadway
Brown Eyed Girl
Burnout
California Sun
Cell Out
Crazy Amanda Bunkface
Dance, Dance
Dig Up Her Bones
Dilemma
Don't Wanna Fall In Love
Dry Ice
Easy On You
Favourite Son
Fell for You
Flo
Given Up
Good Riddance
Gotta Get Away
Haushinka
Helena
Hellbound Train
Hitchin' a Ride
Holy Toledo!
Iron Man
Keep Fishin'
King for a Day
Little Things
Lost in Hollywood
Made in N.Y.C
Monster
Nero Forte
Never Miss A Beat
New Born
Night Or Day
Nightlife
No Pride
Oh Love
On The Wagon
Only of You
Over My Head
Psycho
Reto
Rockstar
Rotting
Rusty James
Sassafrass Roots
Scar Tissue
Side Kick
Somebody Told Me
Sorry
Sound System
Space Oddity
State Of Shock
Stone Cold Crazy
Walking Contradiction
Want You Bad
Westbound Sign
White Riot
 
Answer Stats
Answer % Correct
Song from 21st Century Breakdown 21 Guns
91%
Song from Insomniac Brain Stew
83%
Song from Nimrod Good Riddance
78%
Song from Saviors Bobby Sox
65%
Song from Kerplunk 2000 Light Years Away
64%
Song from Dookie Burnout
63%
Song from Nimrod Hitchin' a Ride
61%
Song from Saviors Dilemma
57%
Song from 21st Century Breakdown American Eulogy
51%
Song from Insomniac Walking Contradiction
50%
Song from Nimrod King for a Day
49%
Song from Dookie Sassafrass Roots
49%
Song from Saviors 1981
48%
Song from UNO Oh Love
48%
Song from Kerplunk 80
41%
Song from Nimrod Haushinka
40%
Song from Insomniac Bab's Uvula Who?
37%
Outtake from American Idiot Favourite Son
31%
Song from Insomniac Westbound Sign
31%
Song from DOS Nightlife
27%
Song from Insomniac No Pride
26%
Green Day Single Holy Toledo!
25%
Song from UNO Rusty James
24%
Song from UNO Fell for You
23%
Song from 39/Smooth Dry Ice
22%
Song from Shenanigans Rotting
22%
Song from 39/Smooth Only of You
20%
Song from Shenanigans On The Wagon
19%
Song from Shenanigans Don't Wanna Fall In Love
18%
Song from Demolicious State Of Shock
15%
No matching quizzes found
Score Distribution
Percent of People with Each Score
Percentile by Number Answered
Your Score History
You have not taken this quiz